|
|
|
|
| LEADER |
01042pam a22002778a 4500 |
| 001 |
00042710 |
| 005 |
20181017091001.0 |
| 008 |
170518s1992 ||||||Viesd |
| 020 |
# |
# |
|c 70000
|a 9786045872499
|
| 041 |
0 |
# |
|a Vie
|
| 082 |
1 |
4 |
|a 158.1
|b T120V
|
| 100 |
1 |
# |
|a Covey, Stephen R.
|
| 245 |
1 |
0 |
|b 12 đòn bẩy cho tầm vóc mới
|a Tầm vóc đích thực
|c Stephen R. Covey ; Tú Ân (dịch) ; FranklinCovey Việt Nam (h.đ)
|
| 260 |
# |
# |
|a Tp. Hồ Chí Minh
|b Tổng hợp Tp. Hồ Chí Minh
|c 2018
|
| 300 |
# |
# |
|b tranh vẽ
|a 233 tr.
|c 21 cm
|
| 500 |
# |
# |
|a Tên sách tiếng Anh: Primary greatness
|
| 653 |
# |
# |
|a Bí quyết
|
| 653 |
# |
# |
|a Tâm lí học ứng dụng
|
| 653 |
# |
# |
|a Thành công
|
| 653 |
# |
# |
|a Kĩ năng
|
| 653 |
# |
# |
|a Cuộc sống
|
| 700 |
1 |
# |
|a Tú Ân
|e Dịch
|
| 710 |
# |
# |
|a FranklinCovey Việt Nam
|e Hiệu đính
|
| 852 |
# |
# |
|j KM.0026657
|j KD.0024950
|
| 910 |
|
|
|d 17/10/2018
|
| 980 |
# |
# |
|a Trung tâm Học liệu Lê Vũ Hùng, Trường Đại học Đồng Tháp
|